Синтез и свойства ароматических БИС-дикетонов: диссертация на соискание ученой степени кандидата химических наук

Bibliographic Details
Main Author: Савченко Т. И. Тамара Иосифовна
Corporate Author: Томский политехнический институт (ТПИ)
Other Authors: Новиков А. Н. Автономий Николаевич (научный руководитель)
Language:Russian
Published: Томск, [Б. и.], 1985
Subjects:
Format: Book
KOHA link:https://koha.lib.tpu.ru/cgi-bin/koha/opac-detail.pl?biblionumber=225521

MARC

LEADER 00000nbm0a2200000 4500
001 225521
005 20231101230653.0
035 |a (RuTPU)RU\TPU\book\245868 
090 |a 225521 
100 |a 20121113d1985 k y0rusy50 ca 
101 0 |a rus 
102 |a RU 
105 |a a m 001zy 
200 1 |a Синтез и свойства ароматических БИС-дикетонов  |e диссертация на соискание ученой степени кандидата химических наук  |f Т. И. Савченко  |g Томский политехнический институт (ТПИ) ; науч. рук. А. Н. Новиков 
210 |a Томск  |c [Б. и.]  |d 1985 
215 |a 118 л.  |c ил. 
320 |a Библиогр.: с. 101-115. 
606 1 |a Дикетоны ароматические  |x Химия  |2 stltpush  |3 (RuTPU)RU\TPU\subj\79023  |9 87892 
610 1 |a свойства 
610 1 |a диссертации 
610 1 |a применение 
675 |a 547.57(04)  |v 3 
700 1 |a Савченко  |b Т. И.  |g Тамара Иосифовна 
702 1 |a Новиков  |b А. Н.  |c российский химик-органик  |c профессор Томского политехнического университета  |f 1915-2008  |g Автономий Николаевич  |2 stltpush  |3 (RuTPU)RU\TPU\pers\11189  |4 727  |9 2479 
712 0 2 |a Томский политехнический институт (ТПИ)  |c (1944-1991)  |2 stltpush  |3 (RuTPU)RU\TPU\col\1123 
801 1 |a RU  |b 63413507  |c 20121113 
801 2 |a RU  |b 63413507  |c 20190701  |g RCR 
942 |c BK